Statistics for General Knowledge Quiz #23

Click here to take the quiz!

General Stats

  • This quiz has been taken 169,981 times
    (76,665 since last reset)
  • The average score is 12 of 20

Answer Stats

Question Answer % Correct
What is the fastest land animal?Cheetah
95%
What is the only country where giant pandas live in the wild?China
90%
If the score is love-15, what sport are you playing?Tennis
90%
According to the idiom, what city wasn't built in a day?Rome
83%
What is the most common element in the Earth's atmosphere?Nitrogen
78%
What city is often pronounced as "Nawlins" by the people who live there?New Orleans
69%
What is 6 + 5 * 4 + 3 * 2 + 1?33
69%
What British TV show, co-created by Ricky Gervais, has been replicated
in nine different countries?
The Office
66%
What country traditionally produces port wine?Portugal
58%
What is the street address of the British Prime Minister?10 Downing Street
57%
What condiment is sometimes called Japanese horseradish?Wasabi
57%
Who was the first Republican president of the United States?Abraham Lincoln
55%
What actress was the song "Candle in the Wind" about?Marilyn Monroe
55%
Other than Jerusalem, what notable Biblical city starts with the letters Jer?Jericho
50%
Who is the Lord of the Rings?Sauron
46%
Whose hair burst into flames while filming a Pepsi commercial in 1984?Michael Jackson
46%
What Asian country was named after a Spanish king?Philippines
41%
What river flows parallel to the Euphrates?Tigris
40%
Who rules in a gerontocracy?The Elderly
36%
What Scottish Highlands Competition could be described as "log throwing"?Caber Toss
21%

Score Distribution

Percentile by Number Answered

Percent of People with Each Score

Your Score History

You have not taken this quiz since the last reset